<?xml version="1.0" encoding="UTF-8"?>
<record
    xmlns:xsi="http://www.w3.org/2001/XMLSchema-instance"
    xsi:schemaLocation="http://www.loc.gov/MARC21/slim http://www.loc.gov/standards/marcxml/schema/MARC21slim.xsd"
    xmlns="http://www.loc.gov/MARC21/slim">

  <leader>01445nam a22001577a 4500</leader>
  <controlfield tag="008">180417b        xxu||||| |||| 00| 0 eng d</controlfield>
  <datafield tag="020" ind1=" " ind2=" ">
    <subfield code="a">0789718235</subfield>
  </datafield>
  <datafield tag="050" ind1=" " ind2=" ">
    <subfield code="a">QA76.76.H94 B87</subfield>
  </datafield>
  <datafield tag="100" ind1=" " ind2=" ">
    <subfield code="a">Burns, Joe</subfield>
  </datafield>
  <datafield tag="245" ind1=" " ind2=" ">
    <subfield code="a">HTML goodies. /</subfield>
    <subfield code="c">Joe Burns</subfield>
  </datafield>
  <datafield tag="260" ind1=" " ind2=" ">
    <subfield code="a">Indianapolis:</subfield>
    <subfield code="b">Que,</subfield>
    <subfield code="c">1999.</subfield>
  </datafield>
  <datafield tag="300" ind1=" " ind2=" ">
    <subfield code="a">xxix, 527p. :</subfield>
    <subfield code="c">26cm.</subfield>
  </datafield>
  <datafield tag="500" ind1=" " ind2=" ">
    <subfield code="a">Includes appendix and index.</subfield>
  </datafield>
  <datafield tag="505" ind1=" " ind2=" ">
    <subfield code="a">Contents: Introduction: Part 1: How to build a web site in 7 steps: Primer 1: What you need to get started -- Primer 2: Flags and commands -- Primer 3: Manipulating text -- Primer 4: Making a link to someone else -- Primer 5: Placing an image on your page -- Primer 6: Manipulating images -- Primer 7: Graduation day -- Part 2: Everything you need to know about text and graphics: 1: Playing with text --2: Making links -- 3: Adding images and backgrounds -- 4: Imagemaps -- Part 3: Getting more control over the layout of your web pages: 5: All about tables -- 6: Using frames -- 7: Adding link buttons and forms -- Cascading style sheets and layers -- Part 4: Beyond HTML: 9: Behind the scenes on your web site -- 10: Adding sound and video -- 11: Java applets and JavaScript -- 12: Common gateway interface (CGI) -- 13: Internet explorer tutorials and DHTML -- 14: Building web site banners -- 15: Other stuff you should really know -- Part 5: Appendixes: A: Everything you need to know about HTML 4.0 -- B: Useful charts C: Valuable links.</subfield>
  </datafield>
  <datafield tag="942" ind1=" " ind2=" ">
    <subfield code="2">lcc</subfield>
    <subfield code="c">BK</subfield>
  </datafield>
  <datafield tag="999" ind1=" " ind2=" ">
    <subfield code="c">6572</subfield>
    <subfield code="d">14072</subfield>
  </datafield>
  <datafield tag="952" ind1=" " ind2=" ">
    <subfield code="0">0</subfield>
    <subfield code="1">0</subfield>
    <subfield code="2">lcc</subfield>
    <subfield code="4">0</subfield>
    <subfield code="7">0</subfield>
    <subfield code="a">WIUC-1</subfield>
    <subfield code="b">WIUC-1</subfield>
    <subfield code="c">REF</subfield>
    <subfield code="d">2018-04-17</subfield>
    <subfield code="l">0</subfield>
    <subfield code="o">QA 76. 76. H94 B87</subfield>
    <subfield code="p">8206/024/18</subfield>
    <subfield code="r">2018-04-17 00:00:00</subfield>
    <subfield code="t">1</subfield>
    <subfield code="w">2018-04-17</subfield>
    <subfield code="y">BK</subfield>
  </datafield>
</record>
